Normal view
MARC view
Entry Personal Name
001 - CONTROL NUMBER
- control field: 2542
003 - CONTROL NUMBER IDENTIFIER
- control field: BD-RjUL
005 - DATE AND TIME OF LATEST TRANSACTION
- control field: 20220418152103.0
008 - FIXED-LENGTH DATA ELEMENTS
- fixed length control field: 220418|| aca||aabn | a|a d
040 ## - CATALOGING SOURCE
- Original cataloging agency: BD-RjUL
- Transcribing agency: BD-RjUL
100 ## - HEADING--PERSONAL NAME
- General subdivision:
670 ## - SOURCE DATA FOUND
- Source citation: Work cat.: (BD-RjUL)79373: Biswas, Tanmay Prakash 1315, Prevalence of Psychotic Disorders of Males and Females at different stages of life span /, 2013